The first Epistle of Paul the Apostle to the Corinthians. (Record no. 5764)

000 -LEADER
fixed length control field 00708nam a2200193 a 4500
001 - CONTROL NUMBER
control field :::00003506$&:&@@
003 - CONTROL NUMBER IDENTIFIER
control field OkBaRHE
005 - DATE AND TIME OF LATEST TRANSACTION
control field 20000607103306.0
008 - FIXED-LENGTH DATA ELEMENTS--GENERAL INFORMATION
fixed length control field s1973 j 000 0 eng u
040 ## - CATALOGING SOURCE
Transcribing agency
100 1# - MAIN ENTRY--PERSONAL NAME
Personal name Greene, Oliver B.
245 14 - TITLE STATEMENT
Title The first Epistle of Paul the Apostle to the Corinthians.
260 ## - PUBLICATION, DISTRIBUTION, ETC. (IMPRINT)
Place of publication, distribution, etc Greenville, SC., :
Name of publisher, distributor, etc The Gospel Hour, Inc.
Date of publication, distribution, etc c1973
300 ## - PHYSICAL DESCRIPTION
Extent 544 p. ;
Dimensions 21 cm.
650 ## - SUBJECT ADDED ENTRY--TOPICAL TERM
Topical term or geographic name as entry element Bible New Testament Corinthians
General subdivision Commentaries
942 ## - ADDED ENTRY ELEMENTS (KOHA)
Source of classification or shelving scheme
Koha item type Books
Copies
Withdrawn status Permanent Location Shelving location Koha item type Price effective from Date last seen Source of classification or shelving scheme Date acquired Full call number Not for loan Lost status Damaged status Barcode Copy number
 RHEMA Bible Training CollegeGeneral StacksBooks2010-04-142018-04-03 2010-04-14BS 2675.3 .G73   35061
 RHEMA Bible Training CollegeGeneral StacksBooks2010-04-142018-04-03 2010-04-14BS 2675.3 .G73   205772